000
00326nam a22001457a 4500
003
OSt
005
20160727222400.0
008
160623b xxu||||| |||| 00| 0 eng d
040
_c
Test
100
_9
675
_a
Disney, A,
245
_a
Disney today
260
_a
Delhi Disney Today
_c
1987
300
_a
Disney today
942
_2
ddc
_c
BK
999
_c
546
_d
546